01006nam a2200181 a 450000100060000000300090000600800410001502000150005604000280007108200180009910000340011724500660015126000370021730000090025450505180026365000260078165000170080720465CO-ViMGA141112s2004 ck r 000 u spa d a9586002810 aCO-ViMGAbspacCO-ViMGA04a658.562 M674r1 aMorris, Daniel; Brandon, Joel10aReingeniería : bCómo aplicarla con exito en los negocios aBogotá : bMcGraw Hill, c1994 a282p aReingeniería dinámica en los negocios 1 - - Comprender el comportamiento de los negocios 25 - - El cambio paradigmático 55 - - El concepto de posicionamiento 85 - - Las herramientas utilizadas para modelar los negocios 111 - - Prácticas de posicionamiento 143 - - Reingeniería aplicada a los procesos de negocios 173 - - Reingeniería aplicada a los recursos de la tecnología de la información 217 - - Reingeniería aplicada a los recursos humanos 245 - - Crear un nuevo ambiente de negocios 269 14aCAMBIO ORGANIZACIONAL14aREINGENIERIA